Nectar oasis produced by Ageve marmorata roezl. (Agavaceae) lead to spatial and temporal segregation among nectarivores in the Tehuacán Valley, Mexico (Registro nro. 13117)

Detalles MARC
000 -CABECERA
Campo de control 008130000a22002290004500
090 ## - CLASIFICACIÓN LOCAL
Colección AR
Consecutivo 04085
041 0# - IDIOMA
Código de idioma para texto/pista de sonido o título separado
100 1# - ASIENTO PRINCIPAL--NOMBRE PERSONAL
Nombre personal Ornelas, Juan Francisco
245 10 - MENCION DE TITULO
Título Nectar oasis produced by Ageve marmorata roezl. (Agavaceae) lead to spatial and temporal segregation among nectarivores in the Tehuacán Valley, Mexico
650 14 - ASIENTO SECUNDARIO DE MATERIA - TERMINO TEMATICO
Término temático o nombre geográfico como elemento de entrada Polinización
650 14 - ASIENTO SECUNDARIO DE MATERIA - TERMINO TEMATICO
Término temático o nombre geográfico como elemento de entrada Relación planta-animal
650 14 - ASIENTO SECUNDARIO DE MATERIA - TERMINO TEMATICO
Término temático o nombre geográfico como elemento de entrada Colibris
650 14 - ASIENTO SECUNDARIO DE MATERIA - TERMINO TEMATICO
Término temático o nombre geográfico como elemento de entrada Nectarivoros
651 #4 - ASIENTO SECUNDARIO DE MATERIA - NOMBRE GEOGRAFICO
-- Valle de Tehuacán
-- México
700 1# - ASIENTO SECUNDARIO - NOMBRE PERSONAL
Nombre personal Ordano, Mariano
700 1# - ASIENTO SECUNDARIO - NOMBRE PERSONAL
Nombre personal Hernández, Angélica
700 1# - ASIENTO SECUNDARIO - NOMBRE PERSONAL
Nombre personal López, Juan Carlos
700 1# - ASIENTO SECUNDARIO - NOMBRE PERSONAL
Nombre personal Mendoza, Luis
700 1# - ASIENTO SECUNDARIO - NOMBRE PERSONAL
Nombre personal Perroni, Yareni
773 1# - Item fuente:
Título Journal of Arid Environments
Paginas del Articulo 37-51
Lugar, editorial y fecha de publicación 2002
Información sobre la relación 52
942 ## - ELEMENTOS ADICIONALES (KOHA)
Tipo de ítem Artículo
Existencias
Withdrawn status Lost status Damaged status No para préstamo Colección Ubicación Permanente Ubicación actual Fecha de adquisición Datos de publicación Seriada Total Checkouts Número topográfico Inventario / Código de Barras Date last seen Price effective from Forma de adquisición Tipo de material
      No para Préstamo Hemeroteca Bogotá Bogotá 27/02/2015 Fuera de circulación   AR 04085 017699 25/03/2015 25/03/2015   Artículo